000 00604 a2200193 4500
010 _aENG-89015
020 _c295.00
035 _aEN-72548
037 _bDBAD / PUB
082 1 4 _a142
090 _c9833
_d9833
100 _aSharanpal Singh
245 1 _aEssays on critical theory /
_cby Sharanpal Singh
260 _aChandigarh
_bUnistar Books
_c2006
270 _aS.C.O. 26-27, Sector 34 A, Chandigarh
_bChandigarh
_e160 002
300 _c22 cm ( Hb.)
_b199p.
942 _cEN
_adpl
_k142 / SHA
999 _c9654
_d9654